000 00815nam a22002297a 4500
005 20171122124443.0
010 _aENG-121139-140
020 _c2995.00 (Set of 2 vols)
_a9788131252581 (vol-1)
020 _c2995.00 (Set of 2 vols)
_a9788131252581 (vol-2)
035 _aEN-104571-572
037 _bDBAD/PUB
082 _a346.54086
100 _aSrinivasan, M.N.
245 _aPrincipales of insurance law /
_cby M.N. Srinivasan [and] K.Kannan
250 _a10th ed
260 _aGurgoan
_bLexisNexis
_c2017
270 _bGurgoan (Haryana)
_e122002
_a14th Floor, Building No. 10, Tower-B, DLF Cyber City, Phase-II
300 _a2-vols (cIxiv,1-583 [xxviii] ; cxiiii,584-1155,[xxix])p.
_c25cm(Hb)
500 _aIncludes index
700 _a Kannan,K.
942 _2ddc
_cEN
_mSRI
_h346.54086
999 _c147094
_d147094